Normal view MARC view
  • Intach

Entry Personal Name

Number of records used in: 1

001 - CONTROL NUMBER

  • control field: 6114

003 - CONTROL NUMBER IDENTIFIER

  • control field: OSt

005 - DATE AND TIME OF LATEST TRANSACTION

  • control field: 20180212094131.0

008 - FIXED-LENGTH DATA ELEMENTS

  • fixed length control field: 180212|| aca||aabn | a|a d

040 ## - CATALOGING SOURCE

  • Original cataloging agency: OSt
  • Transcribing agency: OSt

100 ## - HEADING--PERSONAL NAME

  • Personal name: Intach

670 ## - SOURCE DATA FOUND

  • Source citation: Work cat.: (OSt): Intach, Indian culture for everyone, 2009

Powered by Koha